00261nam a2200097Ia 4500008004100000082001700041100002200058245006400080260000900144300001000153210430s9999 xx 000 0 und d a620.11 A834T aAskeland Donald R 4aThe Science And Engineering Of MaterialscAskeland Donald R c1994 a812p.